Estudios críticos /

Guardado en:
Autor Principal: Macaulay, Thomas Babington
Formato: Libro
Publicado: Madrid : Hernando, 1897
Materias:
Etiquetas: Agregar Etiqueta
Sin Etiquetas, Sea el primero en etiquetar este registro!
LEADER 00455nam a22001695a 4500
001 CEM.cems004047
005 20060216000000.0
008 130507s1897##################000#0#####d
003 CEMS
082 0 4 |a 824.7 
100 1 |a Macaulay, Thomas Babington 
245 1 0 |a Estudios críticos / 
260 |a Madrid :  |b Hernando,  |c 1897 
300 |a 383 p. 
653 |a Critica literaria 
653 |a Literatura 
859 |a CEMS  |b BIB. CEMS - 11 de abril  |h 824.7  |i M128  |p 10313.81  |t Ej.1